00350nam a2200133Ia 4500008004100000041000800041082001400049100002100063245004500084250001400129260003500143300003100178365000700209240624s9999 xx 000 0 und d aeng a658.8 AND aANDREASEN ALAN R aSTRATEGIC MARKETING FOR NONPROFIT ORGANI a(6th ed.) c2004aNew DelhibPrentice-Hall avii, : 536 : p. : cm. ; 24 cRS